000 00738nam a2200169 a 4500
001 000027237
005 20200930030706.0
008 110330s1953 dr abc 000 0 spa d
040 _aDO-SdBNP
_bspa
_cBNPHU
082 _axxx
_bG934p
100 1 _aGuderian, Heinz,
_d1888-1954
_954298
245 1 0 _aPanzer leader :
_b(Jefe de Panzers) /
_cHeinz Guderian ; prefacio B. H. Liddell Hart.
260 _aCiudad Trujillo, República Dominicana :
_bEditora del Caribe,
_c1953.
300 _a594 p. :
_bil. mapa, retrs. ;
_c24 cm.
500 _aEdición especial para las Fuerzas Armadas de la República Dominicana dispúesta por su comandate en jefe, generalísimo Dr. Rafael Leónidas Trujillo Molina.
700 1 _aLiddell Hart, B. H.
_epref.
_954299
999 _c26729
_d26729